000 00366nam a2200145Ia 4500
008 230312s9999||||xx |||||||||||||| ||und||
020 _a978-8177583809
082 _a621.38223
_bGHO-S
100 _aGhosh;Smarajit
245 0 _aSignals and Systems
260 _bPearsons
_aIndia
_c2006
300 _a474
650 _aEngineering
_vElectrical/Technical
942 _cBK
999 _c14196
_d14196